大阪シティバスの営業所 - Statistics

General Stats
  • This quiz has been taken 23 times
  • The average score is 4 of 8
Answer Stats
Answer % Correct
守口
79%
酉島
74%
井高野
63%
中津
58%
住吉
58%
住之江
58%
鶴町
37%
東成
11%
No matching quizzes found
Score Distribution
Percent of People with Each Score
Percentile by Number Answered
Your Score History
You have not taken this quiz